[Event "AUTO-OPEN-1946"]
[Site "http://www.queenalice.com/game.php?id=761119"]
[Date "2010.4.14"]
[Round "1"]
[White "thw"]
[Black "DRL"]
[Result "1-0"]
[WhiteElo "1893"]
[BlackElo "1261"]

1. e4 e5 2. Nf3 Nc6 3. Bb5 Nf6 4. Nc3 Bc5 5. O-O Ng4 6. Bxc6 Nxf2 7. Rxf2 Bxf2+
8. Kxf2 dxc6 9. d3 f6 10. Be3 Be6 11. d4 c5 12. dxe5 Qe7 13. exf6 Qxf6 14. Bxc5
Bd7 15. Nd5 Qc6 16. Be3 O-O-O 17. Ne7+ Kb8 18. Nxc6+ Bxc6 19. Qe2 h6 20. Rd1 Rd7
21. Rxd7 Bxd7 22. Qc4 g5 23. Qd4 Rd8 24. Qxa7+ 1-0

[Event "AUTO-OPEN-1946"]
[Site "http://www.queenalice.com/game.php?id=761120"]
[Date "2010.4.14"]
[Round "1"]
[White "DRL"]
[Black "thw"]
[Result "0-1"]
[WhiteElo "1229"]
[BlackElo "1881"]

1. e4 e6 2. e5 d6 3. Nf3 dxe5 4. Nxe5 Bd6 5. Nc4 Nf6 6. d4 O-O 7. Ne3 Nc6 8. d5
exd5 9. Nxd5 Nxd5 10. Qxd5 Bb4+ 11. Qd2 Bxd2+ 12. Bxd2 Re8+ 13. Be2 Nd4 14. Nc3
Nxc2+ 15. Kd1 Nxa1 16. Kc1 Rxe2 17. Nxe2 Qd3 18. Nd4 Qxd4 19. Bc3 Qd3 0-1

[Event "Challenge"]
[Site "http://www.queenalice.com/game.php?id=777152"]
[Date "2010.5.17"]
[Round "-"]
[White "ries87"]
[Black "DRL"]
[Result "0-1"]
[WhiteElo "1137"]
[BlackElo "1248"]

1. e4 e5 2. Nf3 d6 3. Bc4 Nc6 4. Ng5 Qxg5 5. Qf3 Nh6 6. Nc3 Nd4 7. Qe3 Nxc2+ 8.
Kd1 Nxe3+ 9. dxe3 Qg4+ 10. f3 Qxg2 11. Re1 Qxf3+ 12. Re2 Ng4 13. Nb5 Nf2+ 14.
Ke1 Qh1+ 15. Kd2 Nxe4+ 16. Kd3 Bg4 17. Rc2 Bf3 18. Bb3 Qd1+ 19. Bd2 Qe2# 0-1

[Event "AUTO-OPEN-2006"]
[Site "http://www.queenalice.com/game.php?id=788249"]
[Date "2010.6.10"]
[Round "1"]
[White "Constante"]
[Black "DRL"]
[Result "1-0"]
[WhiteElo "2057"]
[BlackElo "1250"]

1. e4 e5 2. Nf3 d5 3. Nxe5 Be6 4. exd5 Bxd5 5. Qe2 Be7 6. Nc3 Be6 7. Qb5+ Nd7 8.
Nxd7 Bxd7 9. Qxb7 Nf6 10. Bc4 O-O 11. O-O Bc5 12. Qf3 Bg4 13. Qc6 Bf5 14. Qxc5
Bxc2 15. b3 Ne4 16. Nxe4 Bxe4 17. d3 Bxd3 18. Rd1 Qf6 19. Bg5 Qc3 20. Bxf7+ Kxf7
21. Qxc3 Bg6 22. Rd7+ Ke6 23. Qc6+ Kf5 24. Rd5+ Kg4 25. Qc4+ 1-0

[Event "AUTO-OPEN-2006"]
[Site "http://www.queenalice.com/game.php?id=788250"]
[Date "2010.6.10"]
[Round "1"]
[White "DRL"]
[Black "Constante"]
[Result "0-1"]
[WhiteElo "1252"]
[BlackElo "2053"]

1. e4 c5 2. d4 cxd4 3. Qxd4 Nc6 4. Qd1 e5 5. Nc3 Bb4 6. Bd2 Nf6 7. Bd3 d6 8.
Nge2 Bg4 9. Nb5 Bxd2+ 10. Qxd2 a6 11. O-O axb5 12. Bxb5 O-O 13. Nc3 Nd4 14. Qd3
Nh5 15. a4 Nf4 16. Qe3 Qg5 17. Bd3 Bf3 18. g3 Nh3# 0-1

[Event "AUTO-OPEN-2006"]
[Site "http://www.queenalice.com/game.php?id=788275"]
[Date "2010.6.10"]
[Round "1"]
[White "SGF"]
[Black "DRL"]
[Result "1-0"]
[WhiteElo "1650"]
[BlackElo "1248"]

1. e4 e5 2. Qf3 Nf6 3. Be2 d6 4. d3 Nc6 5. c3 Be6 6. Qg3 Be7 7. Bf3 Nd7 8. Qxg7
Bf6 9. Qh6 Nf8 10. h4 Ng6 11. Bg5 Bxg5 12. hxg5 Nf4 13. Qg7 Nxd3+ 14. Ke2 Nf4+
15. Ke3 Qe7 16. Qxh8+ Qf8 17. Rxh7 O-O-O 18. Qf6 Qg8 19. Rh4 Kb8 20. Ne2 Ng6 21.
Rh6 Rc8 22. Nd2 Na5 23. Rah1 Qe8 24. Bh5 Qb5 25. Bxg6 Nc4+ 26. Nxc4 Bxc4 27. Rh8
Bxe2 28. Rxc8+ Kxc8 29. Bf5+ Qd7 30. Rh8# 1-0

[Event "AUTO-OPEN-2006"]
[Site "http://www.queenalice.com/game.php?id=788293"]
[Date "2010.6.10"]
[Round "1"]
[White "DRL"]
[Black "marcosnatal"]
[Result "0-1"]
[WhiteElo "1256"]
[BlackElo "2192"]

1. e4 e5 2. d4 exd4 3. Qxd4 d6 4. Nc3 Nc6 5. Qd1 f5 6. Bd3 fxe4 7. Nxe4 d5 8.
Ng5 Nf6 9. N1f3 Qe7+ 10. Be3 d4 11. Nxd4 Nxd4 0-1

[Event "AUTO-OPEN-2006"]
[Site "http://www.queenalice.com/game.php?id=788294"]
[Date "2010.6.10"]
[Round "1"]
[White "marcosnatal"]
[Black "DRL"]
[Result "1-0"]
[WhiteElo "2193"]
[BlackElo "1254"]

1. d4 d5 2. c4 dxc4 3. e4 e6 4. Bxc4 Nf6 5. Nc3 Nc6 6. Nf3 Bd6 7. e5 Be7 8. exf6
Bxf6 9. d5 Qe7 10. dxc6 b6 11. O-O O-O 12. Ne4 1-0

[Event "the game III"]
[Site "http://www.queenalice.com/game.php?id=788473"]
[Date "2010.6.11"]
[Round "-"]
[White "DRL"]
[Black "oirelaw"]
[Result "0-1"]
[WhiteElo "1244"]
[BlackElo "1741"]

1. e4 Nc6 2. d4 d5 3. e5 e6 4. Nf3 Bb4+ 5. Bd2 Bxd2+ 6. Nbxd2 Nh6 7. Bd3 Bd7 8.
Qe2 Nb4 9. Nb3 Nxd3+ 10. Qxd3 Nf5 11. O-O-O a5 12. Nc5 Bc6 13. g4 Nh4 14. g5
Nxf3 15. Qxf3 Qxg5+ 16. Kb1 a4 17. a3 g6 18. h4 Qh5 19. Qf6 O-O 20. f4 Rae8 21.
Kc1 Qf5 22. Qxf5 exf5 23. b3 axb3 24. cxb3 Ra8 25. a4 b6 26. Nd3 b5 27. h5 bxa4
28. bxa4 Bxa4 29. Rdg1 Bb5 30. Nc5 Ra1+ 31. Kb2 Rxg1 32. Rxg1 Rb8 33. Kc3 Kg7
34. hxg6 hxg6 35. Kb4 Bc6+ 36. Ka5 Rb2 37. Ka6 Ra2+ 0-1

[Event "AUTO-OPEN-2051"]
[Site "http://www.queenalice.com/game.php?id=808298"]
[Date "2010.7.25"]
[Round "1"]
[White "DRL"]
[Black "jupar"]
[Result "0-1"]
[WhiteElo "1278"]
[BlackElo "1814"]

1. e4 e5 2. d4 exd4 3. Qxd4 Nc6 4. Qd1 d6 5. Nc3 Nf6 6. Nf3 Be7 7. Be3 O-O 8.
Bd3 Re8 9. O-O Bg4 10. Nd5 Nxd5 11. Qd2 Bxf3 12. g3 Nf6 13. Be2 Ne5 14. h3 c6
15. c4 Nxe4 16. Qc2 d5 17. cxd5 cxd5 18. Bxf3 Nxf3+ 19. Kg2 Nfg5 20. f3 Rc8 21.
Qd1 Nc5 22. h4 Nge6 23. b4 d4 24. bxc5 dxe3 25. a4 Qxd1 26. Rfxd1 Bxc5 27. f4 e2
28. Rh1 Nd4 29. g4 Nc2 30. Ra2 e1=Q 31. Rxe1 Nxe1+ 32. Kf1 Bb4 33. a5 Nf3 34. a6
b6 35. g5 Bc5 36. Kg2 Nxh4+ 37. Kg3 Nf5+ 38. Kg4 g6 0-1

[Event "AUTO-OPEN-2051"]
[Site "http://www.queenalice.com/game.php?id=808299"]
[Date "2010.7.25"]
[Round "1"]
[White "jupar"]
[Black "DRL"]
[Result "1-0"]
[WhiteElo "1812"]
[BlackElo "1280"]

1. e4 e5 2. Nf3 Nc6 3. Bc4 d6 4. h3 Nf6 5. d3 Bd7 6. Nc3 Qe7 7. Nd5 O-O-O 8.
Nxe7+ Bxe7 9. Bxf7 Kb8 10. O-O Rc8 11. c3 h6 12. Be3 Rhf8 13. Bb3 g5 14. Nh2 g4
15. Nxg4 h5 16. Nxf6 Bxf6 17. Qxh5 Rh8 18. Qf7 Be8 19. Qxf6 Bh5 20. Bh6 Be2 21.
Bg7 Rhg8 22. Bxg8 Bxf1 23. Be6 Re8 24. Kxf1 a5 25. Bd7 1-0

[Event "AUTO-OPEN-2051"]
[Site "http://www.queenalice.com/game.php?id=808300"]
[Date "2010.7.25"]
[Round "1"]
[White "DRL"]
[Black "lfcanales"]
[Result "0-1"]
[WhiteElo "1282"]
[BlackElo "2022"]

1. e4 e5 2. d4 exd4 3. Qxd4 Nc6 4. Qd1 Bc5 5. Nc3 Nf6 6. Qf3 d6 7. Nge2 Ng4 8.
Be3 Nxf2 9. Bxf2 Bxf2+ 10. Qxf2 O-O 11. O-O-O Bg4 12. h3 Bh5 13. g4 Bg6 14. Kb1
Ne5 15. Rc1 Qd7 16. Bg2 Nc4 17. Nf4 Rae8 18. Qxa7 Nd2+ 19. Ka1 Nxe4 20. Bxe4
Bxe4 21. Nxe4 Rxe4 22. Nd5 c6 23. Nb6 Qe7 24. Qa3 Re8 25. Qf3 Qc7 26. Rhe1 Rxe1
27. Rd1 Qxb6 28. a3 Qc5 29. Qd3 d5 30. Qd2 Rxd1+ 31. Qxd1 Qf2 32. Ka2 Qg3 33. b4
Re3 34. Qc1 Qxh3 35. Kb2 Rxa3 36. c3 Ra8 37. g5 Qg2+ 0-1

[Event "AUTO-OPEN-2051"]
[Site "http://www.queenalice.com/game.php?id=808301"]
[Date "2010.7.25"]
[Round "1"]
[White "lfcanales"]
[Black "DRL"]
[Result "1-0"]
[WhiteElo "2003"]
[BlackElo "1284"]

1. e4 e5 2. f4 d5 3. exd5 Qxd5 4. Nc3 Qd8 5. Nf3 exf4 6. d4 Bd6 7. Bc4 Qe7+ 8.
Qe2 Nc6 9. O-O Be6 10. d5 Qd7 11. dxe6 fxe6 12. Bxe6 Qe7 13. Re1 Nb4 14. Bxg8
O-O-O 15. Bb3 Kb8 16. Qxe7 Bxe7 17. Rxe7 g6 18. Bxf4 Rhe8 19. Rae1 a6 20. Rxe8
Nc6 21. Rxd8+ Nxd8 22. Re8 Kc8 23. Be6+ Kb8 24. Rxd8+ Ka7 25. Bxc7 1-0

[Event "Challenge"]
[Site "http://www.queenalice.com/game.php?id=839488"]
[Date "2010.9.29"]
[Round "-"]
[White "Sampaio"]
[Black "DRL"]
[Result "1-0"]
[WhiteElo "1617"]
[BlackElo "1278"]

1. c4 e5 2. Nc3 Nf6 3. e4 d6 4. Nf3 Nc6 5. Be2 Bg4 6. O-O Qd7 7. h3 Bxh3 8. Nh2
Bxg2 9. Kxg2 O-O-O 10. Nd5 Kb8 11. Nxf6 Qe6 12. Nd5 Qg6+ 13. Bg4 Qxe4+ 14. Bf3
Qxc4 15. d3 Qh4 16. Qb3 Be7 17. Nxe7 Qxe7 18. Bxc6 b6 19. Qc4 f5 20. Qa6 1-0

[Event "Challenge"]
[Site "http://www.queenalice.com/game.php?id=842045"]
[Date "2010.10.5"]
[Round "-"]
[White "fornov_ik"]
[Black "DRL"]
[Result "1-0"]
[WhiteElo "1554"]
[BlackElo "1276"]

1. e4 e5 2. Nf3 d6 3. d4 Nc6 4. d5 Nb4 5. Bb5+ Bd7 6. Bxd7+ Qxd7 7. a3 Na6 8. c4
O-O-O 9. Nc3 Kb8 10. Bg5 Be7 11. Qa4 Nc5 12. Qxd7 Nxd7 13. O-O Rc8 14. Bxe7 Nxe7
15. Ng5 f6 16. Nf3 g5 17. g4 h5 18. h3 hxg4 19. hxg4 Ng8 20. b4 Nb6 21. c5 dxc5
22. bxc5 Nc4 23. Rfb1 Ne7 24. c6 Rh3 25. Kg2 Rh6 26. cxb7 Rch8 27. Nb5 Nd6 28.
Nxd6 cxd6 29. a4 a5 30. Ra3 Ng6 31. Rc3 Ne7 32. Rcb3 Ng6 33. Kg3 R8h7 34. Rb6
1-0